| 000 | 01205cab a2200457 4500 | ||
|---|---|---|---|
| 001 | ABS49302 | ||
| 008 | 090401t1993 xxu||||| |||| 00| 0 eng d | ||
| 035 | _a(Sirsi) u70817 | ||
| 041 | _aeng | ||
| 245 | _aEstates Times Survey M4 Corridor | ||
| 260 | _c1993 | ||
| 350 | _a0 | ||
| 490 |
_aEstates Times _v(1205) 24 September 1993, 12-45(31) |
||
| 650 | _aASSISTED AREAS | ||
| 650 | _aBRACKNELL | ||
| 650 | _aBRENTFORD | ||
| 650 | _aBRISTOL | ||
| 650 | _aCARDIFF | ||
| 650 | _aCHIPPENHAM | ||
| 650 | _aCITY FRINGE | ||
| 650 | _aHAMMERSMITH | ||
| 650 | _aHEATHROW | ||
| 650 | _aINDUSTRIAL MARKET | ||
| 650 | _aLLANELLI | ||
| 650 | _aM4 CORRIDOR | ||
| 650 | _aMAIDENHEAD | ||
| 650 | _aNEWBURY | ||
| 650 | _aPROPERTY-COMMERCIAL PROPERTY-OFFICE PROPERTY-OFFICE PROPERTY MARKET | ||
| 650 | _aOVERSEAS INVESTMENT | ||
| 650 | _aREADING | ||
| 650 | _aPROPERTY-COMMERCIAL PROPERTY-RETAIL PROPERTY-RETAIL PROPERTY MARKET | ||
| 650 | _aSLOUGH | ||
| 650 | _aSTAINES | ||
| 650 | _aSWANSEA | ||
| 650 | _aSWINDON | ||
| 650 | _aWEST DRAYTON | ||
| 650 | _aWINDSOR | ||
| 690 | _aPROPERTY-COMMERCIAL PROPERTY-COMMERCIAL PROPERTY MARKET | ||
| 942 | _n0 | ||
| 948 | _c04/03/1997 | ||
| 999 |
_c44599 _d44599 |
||